| 000 | 00463nam a2200193Ia 4500 | ||
|---|---|---|---|
| 005 | 20250603150016.0 | ||
| 008 | 250603s9999 xx 000 0 und d | ||
| 020 | _a978-0-13-701183-4 / 0-13-701183-0 | ||
| 050 | _aQA 76.73 .C154 D46/ | ||
| 100 | _aDeitel, P.J. | ||
| 245 | 0 | _aVisual C# 2008 how to program | |
| 250 | _a3rd ed. | ||
| 260 | _aNew Jersey | ||
| 260 | _bPearson | ||
| 260 | _c2008 | ||
| 300 | _a1531 p | ||
| 650 | _aNew Jersey | ||
| 942 | _cBK | ||
| 999 |
_c43498 _d43498 |
||